রেখে যায় শুরু ও শুদ্ধতা / (Record no. 14488)
[ view plain ]
| 000 -LEADER | |
|---|---|
| fixed length control field | 00789nam a22002297a 4500 |
| 001 - CONTROL NUMBER | |
| JCCL Control Number | 14488 |
| 003 - CONTROL NUMBER IDENTIFIER | |
| JCCL marc code | BD-JhCC |
| 005 - DATE AND TIME OF LATEST TRANSACTION | |
| control field | 20251211122536.0 |
| 008 - FIXED-LENGTH DATA ELEMENTS--GENERAL INFORMATION | |
| fixed length control field | 251211b |||||||| |||| 00| 0 eng d |
| 035 ## - SYSTEM CONTROL NUMBER | |
| system control number | (BD-JhCC) 14488 |
| 040 ## - CATALOGING SOURCE | |
| Original cataloging agency | BD-JhCC |
| Modifying agency | BD-JhCC |
| 041 ## - LANGUAGE CODE | |
| Language code of Book | বাংলা |
| 082 ## - DEWEY DECIMAL CLASSIFICATION NUMBER | |
| DDC Edition number | 23 |
| Classification number | 891.443 |
| Author mark and Year | AZA 1999 |
| 100 ## - MAIN ENTRY--PERSONAL NAME | |
| Personal name | আজম, শফিকুল |
| 245 ## - TITLE STATEMENT | |
| Title | রেখে যায় শুরু ও শুদ্ধতা / |
| Statement of responsibility, etc | শফিকুল আজম |
| 260 ## - PUBLICATION, DISTRIBUTION, ETC. (IMPRINT) | |
| Place of publication, distribution, etc | ঢাকা: |
| Name of publisher, distributor, etc | জাগতি প্রকাশনী, |
| Date of publication, distribution, etc | ১৯৯৯ |
| 300 ## - PHYSICAL DESCRIPTION | |
| Pagination | ৭৯ পৃ.; |
| Dimensions | ২২ সেমি. |
| Accompanying material | পেপার বাইন্ডিং |
| 650 ## - SUBJECT ADDED ENTRY--TOPICAL TERM | |
| Topical term or geographic name as entry element | বাংলা সাহিত্য |
| 650 ## - SUBJECT ADDED ENTRY--TOPICAL TERM | |
| Topical term or geographic name as entry element | ছোট গল্প |
| 942 ## - ADDED ENTRY ELEMENTS (KOHA) | |
| Source of classification or shelving scheme | Dewey Decimal Classification |
| Koha item type | Books |
| Source of classification or shelving scheme | Damaged status | Not for loan | Collection code | Home library | Current library | Shelving location | Date of accession | Cost, normal purchase price | Full call number | Barcode | Date last seen | Copy number | Method of acquisition | Koha item type | Currency |
|---|---|---|---|---|---|---|---|---|---|---|---|---|---|---|---|
| Dewey Decimal Classification | Fiction | JCC Rouf Library | JCC Rouf Library | General Stacks | 12/15/2025 | 184.00 | 891.443 AZA 1999 | 20377 | 12/11/2025 | C-1 | Purchase | Books | BDT | ||
| Dewey Decimal Classification | Fiction | JCC Rouf Library | JCC Rouf Library | General Stacks | 12/15/2025 | 184.00 | 891.443 AZA 1999 | 20378 | 12/11/2025 | C-2 | Purchase | Books | BDT |